000 00419nam a22001457a 4500
003 SGT
082 _a320.84
_bSIN
100 _aSINGLA LAW AGENCY
245 _aTHE HARYANA PANCHAYATI RAJ ACT,1994(HARYANA ACT No. 11 of 1994)
260 _aCHANDIGARH
_bSINGLA LAW AGENCY
_c2021
300 _a304
653 _aHARYANA PANCHAYTI RAJ , HARYANA PANCHAYATI RAJ ELECTIONS RULES ,
700 _aBARE ACT
942 _2ddc
_cBK
_05
999 _c22022
_d22022